[Event "World Team-ch Open 2019"]
[Site "Astana"]
[Date "2019.03.13"]
[Round "8.10"]
[White "Sevian, Samuel"]
[Black "Sasikiran, Krishnan"]
[Result "1-0"]
[WhiteElo "2642"]
[BlackElo "2678"]
[Annotator "TA"]
[PlyCount "63"]
[EventDate "2019.02.05"]
[EventType "team-tourn"]
[EventCountry "KAZ"]
[SourceTitle "playchess.com"]
[Source "ChessBase"]
[SourceQuality "1"]
[WhiteTeam "United States"]
[BlackTeam "India"]
[WhiteTeamCountry "USA"]
[BlackTeamCountry "IND"]

{[%evp 19,63,8,29,24,17,16,12,19,22,23,24,16,27,25,39,21,81,79,88,77,92,110,108,104,292,344,294,336,344,300,385,360,623,632,622,613,583,544,715,672,930,943,1001,983,29985,29986]} 1. e4 e5 2. Nf3 Nc6 3. Bb5 a6 4. Ba4 Nf6 5. O-O Be7 6. Re1 b5 7. Bb3 O-O 8. a4 b4 9. d3 d6 10. a5 Be6 11. Bxe6 {C88: Closed Ruy Lopez: Anti-Marshall Systems} fxe6 12. Nbd2 Qe8 13. c3 {The position is equal.} Rb8 14. d4 bxc3 15. bxc3 exd4 16. cxd4 {[#]} Nb4 $146 ({Predecessor:} 16... Rb5 17. Ba3 Qd7 18. Qc2 Nxa5 {0-1 (40) Motylev,A (2668)-Tomashevsky,E (2710) Sochi 2017}) 17. Qb3 Nh5 (17... d5 $11) 18. Qxe6+ $16 Kh8 19. Rb1 Nf4 20. Qc4 $1 (20. Qg4 $2 h5 $19) 20... Qg6 {[%csl Gf4][%cal Rg6g2]} 21. g3 d5 $2 {[#]} (21... c5 $16) 22. exd5 $1 $18 {[%mdl 64] Discovered Attack} ({Inferior is} 22. Qxc7 Bd6 $17) 22... Bd6 {[#]} 23. Ba3 $1 {[%cal Ra3b4]} Nh3+ 24. Kf1 Qh5 25. Rb3 {[%cal Ra3b4]} ({Not} 25. Bxb4 Rxf3 26. Re2 Rbf8 $15) 25... Nxd5 $2 (25... Ng5 26. Nxg5 (26. Bxb4 Rxb4 27. Rxb4 Nxf3 $17) 26... Qxg5) 26. Rxb8 Rxb8 27. Bxd6 cxd6 28. Qxa6 Rd8 29. Qc6 Nhf4 30. gxf4 Nxf4 31. Re4 Qf5 32. Re8+ {[%mdl 64] Double Attack. Accuracy: White = 87%, Black = 37%.} 1-0

[Event "World Team-ch Open 2019"]
[Site "Astana"]
[Date "2019.03.13"]
[Round "8.11"]
[White "Ganguly, Surya Shekhar"]
[Black "Onischuk, Alexander"]
[Result "1-0"]
[WhiteElo "2633"]
[BlackElo "2647"]
[Annotator "TA"]
[PlyCount "106"]
[EventDate "2019.02.05"]
[EventType "team-tourn"]
[EventCountry "KAZ"]
[SourceTitle "playchess.com"]
[Source "ChessBase"]
[SourceQuality "1"]
[WhiteTeam "India"]
[BlackTeam "United States"]
[WhiteTeamCountry "IND"]
[BlackTeamCountry "USA"]

{[%evp 25,106,15,9,0,32,34,31,34,24,25,17,12,7,7,11,0,53,63,75,74,72,79,81,81,81,73,64,70,85,79,87,79,123,108,147,140,141,147,166,157,158,154,178,175,183,169,252,262,259,238,225,248,185,217,206,210,254,257,253,255,275,239,352,346,327,336,348,303,417,264,463,469,495,487,454,445,487,487,487,487,466,466,440]} 1. d4 Nf6 2. c4 e6 3. g3 d5 4. Bg2 Be7 5. Nf3 O-O 6. O-O dxc4 7. Qc2 a6 8. a4 Bd7 9. Qxc4 Bc6 10. Bg5 Nbd7 11. Nc3 h6 12. Bxf6 {E05: Open Catalan: 5 Nf3 Be7} Nxf6 13. a5 (13. b4 Qd6 14. b5 axb5 15. axb5 Bd5 16. Nxd5 Nxd5 17. e3 Qb4 18. Qxb4 Bxb4 19. Ne5 Bd6 20. Nc4 Bb4 21. Rfc1 {½-½ (33) Sargissian,G (2689)-Wang,H (2714) chess.com INT 2019}) 13... Qd6 {LiveBook: 4 Games} 14. Rfd1 {The position is equal.} b5 $146 ({Predecessor:} 14... Rfd8 15. e3 Rab8 16. Qe2 Bf8 17. Qc2 g6 18. Qd3 h5 19. e4 Qb4 {½-½ (19) Armani,G (1907)-Hrubcik,M (2286) ICCF email 2016}) 15. axb6 cxb6 16. Qd3 Bb7 17. e4 {e5 is the strong threat.} Qb8 18. e5 Nd5 19. Nxd5 Bxd5 20. Rxa6 Rxa6 (20... Rd8 $1 $11) 21. Qxa6 $14 Rd8 22. Ne1 $1 Bxg2 23. Kxg2 Qc7 24. Qe2 Qc6+ 25. Qf3 Qb5 26. b3 Qa5 27. h4 Bf8 28. Qe4 Bb4 29. Nc2 $1 Bc3 30. Rd3 Bd2 31. Qc6 Bc1 32. Rd1 Bb2 33. h5 Qa8 34. Qxa8 Rxa8 $18 {[%mdl 4096] Endgame KRB-KRN} 35. Ne3 Rd8 {[#]} (35... b5 {is a better defense.} 36. f4 Rc8) 36. d5 $1 Bxe5 {[#]} 37. dxe6 $1 Re8 38. f4 Bf6 39. exf7+ Kxf7 40. Nc4 Re2+ 41. Kf3 Rc2 42. Ke4 (42. Nxb6 $6 Rc3+ 43. Kg4 Rxb3 $16) 42... Rh2 43. Rd5 (43. Nxb6 $6 Rxh5 44. b4 Rb5 $16) 43... g5 (43... Rg2 $142 44. Rd3 (44. Nxb6 Rxg3 45. b4 Rg2 $16) 44... Ke6 45. Nxb6 Rh2) 44. Rd7+ (44. Nxb6 Rxh5 45. Rd7+ Ke8 $18) 44... Ke8 45. Rd6 ({Don't take} 45. Nxb6 $6 gxf4 46. gxf4 Bd8 $18) 45... Bg7 46. Re6+ ({Weaker is} 46. Nxb6 gxf4 47. gxf4 Rxh5 $18) 46... Kf7 47. Rxb6 gxf4 $2 (47... Rxh5 {was worth a try.} 48. Nd6+ Kg8) 48. g4 {White is clearly winning.} Bf6 49. Nd6+ Kf8 50. Kxf4 Bg5+ 51. Kg3 Rd2 {intending ...Bd8.} 52. Nf5 Rd3+ 53. Kg2 Rc3 {Precision: White = 85%, Black = 38%.} 1-0

[Event "World Team-ch Open 2019"]
[Site "Astana"]
[Date "2019.03.13"]
[Round "8.12"]
[White "Lenderman, Aleksandr"]
[Black "Sethuraman, S.P."]
[Result "1/2-1/2"]
[WhiteElo "2637"]
[BlackElo "2637"]
[Annotator "TA"]
[PlyCount "62"]
[EventDate "2019.02.05"]
[EventType "team-tourn"]
[EventCountry "KAZ"]
[SourceTitle "playchess.com"]
[Source "ChessBase"]
[SourceQuality "1"]
[WhiteTeam "United States"]
[BlackTeam "India"]
[WhiteTeamCountry "USA"]
[BlackTeamCountry "IND"]

{[%evp 9,62,10,9,0,0,0,0,0,6,0,3,3,10,0,22,0,0,0,0,-16,0,-14,-11,-35,-25,-48,-50,-148,-60,-98,-16,-21,-18,-21,-19,-25,-7,-14,0,-7,0,-16,0,0,20,0,0,0,0,0,0,0,0,0,0]} 1. Nf3 Nf6 2. c4 e6 3. Nc3 d5 4. e3 dxc4 (4... Be7 5. b3 O-O 6. Bb2 dxc4 7. Bxc4 c5 8. h4 a6 9. Qb1 b5 10. Be2 Bb7 11. Ng5 Nbd7 12. Bf3 Bxf3 13. Nxf3 Rc8 14. Ne2 {0-1 (59) Nepomniachtchi,I (2763)-Yu,Y (2764) St Petersburg 2018}) 5. Bxc4 a6 6. b3 {A17: English Opening: 1...Nf6 with ...Bb4} b5 7. Be2 Bb7 8. Bb2 c5 $146 ({Predecessor:} 8... Be7 9. O-O O-O 10. d4 Nbd7 11. Rc1 Qb8 12. Qc2 {0-1 (44) George,M (2013)-Luch,M (2398) Katowice 2017}) 9. O-O Be7 10. Rc1 O-O 11. Qc2 Nbd7 12. Rfd1 Rc8 13. Qb1 Qb6 14. Qa1 Rfd8 15. a4 Bc6 16. Qa2 Qb7 17. axb5 axb5 18. Ra1 (18. Qb1 $15) 18... Ra8 (18... b4 $17 19. Na4 Ra8) 19. Qb1 $15 Nd5 ({Black should play} 19... b4 $17 {White must now prevent ...Rxa1.} 20. Na2 h6) 20. Nxd5 $11 Bxd5 21. Qc2 h6 22. h3 Rdc8 23. Rdc1 {The position is equal.} c4 24. bxc4 $40 {[%mdl 128] White mounts an attack.} bxc4 {[#] Threatens to win with ...Be4.} 25. Bd4 Bf6 26. Rxa8 Rxa8 27. Bxf6 Nxf6 28. Ne1 Rd8 29. Bxc4 Bxc4 30. Qxc4 Rxd2 31. Nf3 Rd5 {Accuracy: White = 39%, Black = 28%.} 1/2-1/2

[Event "World Team-ch Open 2019"]
[Site "Astana"]
[Date "2019.03.13"]
[Round "8.13"]
[White "Maghsoodloo, Parham"]
[Black "Naiditsch, Arkadij"]
[Result "1-0"]
[WhiteElo "2673"]
[BlackElo "2710"]
[Annotator "TA"]
[PlyCount "111"]
[EventDate "2019.02.05"]
[EventType "team-tourn"]
[EventCountry "KAZ"]
[SourceTitle "playchess.com"]
[Source "ChessBase"]
[SourceQuality "1"]
[WhiteTeam "Iran"]
[BlackTeam "Azerbaijan"]
[WhiteTeamCountry "IRI"]
[BlackTeamCountry "AZE"]

{[%evp 9,111,8,14,8,8,8,8,8,8,7,0,0,11,0,0,0,9,12,70,75,82,55,90,87,108,95,110,89,89,80,108,110,94,91,80,76,140,86,115,88,85,74,77,48,102,116,118,105,99,98,104,99,95,96,110,87,87,77,72,64,80,76,91,56,56,56,57,56,72,69,70,67,67,67,123,129,138,144,145,147,162,161,275,270,362,400,568,275,259,248,243,227,475,473,471,437,656,457,547,522,1133,1098,931,927]} 1. Nf3 d5 2. c4 e6 3. g3 dxc4 4. Qa4+ Bd7 5. Qxc4 c5 6. Bg2 {A13: English Opening: 1...e6} Bc6 7. b3 Be7 8. Bb2 {The position is equal.} Nf6 9. O-O O-O 10. d3 Nbd7 11. Nbd2 Rc8 12. e4 $146 ({Predecessor:} 12. Qc2 b5 13. Rac1 Qb6 {½-½ (23) Movsesian,S (2705)-Grachev,B (2672) Sibenik 2012}) 12... Ng4 13. h3 Bf6 (13... b5 $11 14. Qc2 Ngf6) 14. d4 $14 Nh6 15. Qe2 Nb6 {[%cal Rc5d4]} 16. Qe3 cxd4 17. Nxd4 Bxd4 18. Bxd4 f5 19. Bc5 Rf7 20. Bxb6 axb6 21. Nc4 {And now Rad1 would win.} fxe4 22. Rad1 (22. Nxb6 Nf5 $11) 22... Qf8 (22... Qf6 $142) 23. Bxe4 (23. g4 $142) 23... Nf5 $16 24. Bxf5 exf5 25. Nd6 Re7 26. Qg5 h6 (26... Ra8 $14) 27. Qg6 Be8 28. Qxf5 (28. Nxe8 {feels hotter.} Rcxe8 29. Qxb6 Re2 30. a4 Qf7 31. Rd4) 28... Qxf5 29. Nxf5 Re5 30. Nd4 Ra5 31. Rd2 Rca8 32. Re1 Bd7 33. a4 Rd5 34. g4 h5 35. f3 hxg4 36. fxg4 (36. hxg4 {is more complex.} b5 37. axb5 Rd8 38. Red1 Bxb5 39. f4) 36... b5 37. axb5 Bxb5 38. Red1 Ra3 39. Kf2 ({Much weaker is} 39. Nxb5 Rxb5 40. Rb1 Rbxb3 $11) 39... Be8 40. h4 Bf7 41. b4 Rd6 ({Better is} 41... g6 $14) 42. Nf3 Rxd2+ 43. Rxd2 {[%mdl 4096] Endgame Threatens to win with Rd8+. KRB-KRN} ({Reject} 43. Nxd2 $6 Rd3 $14) 43... Kf8 44. Kg3 Rb3 {[#]} 45. Rd4 $1 b5 (45... Rb1 $142 46. Ne5 Be8) 46. Kf4 $18 Bc4 47. Ne5 Kg8 (47... Be6 $142 48. Rd8+ Ke7 49. Nc6+ Kf7) 48. Nc6 (48. g5 $142 g6 49. Nxg6 (49. Nxc4 Rxb4 {[%mdl 64] Pin} 50. Rd8+ Kf7 $14)) 48... Kh7 49. h5 Rb1 50. Rd7 Be2 $2 (50... Be6 {was worth a try.} 51. Rd6 Bc4) 51. Kg5 {White is clearly winning.} Rg1 52. Ne5 {[#] White wants to mate with h6.} Rh1 (52... Rd1 $142 53. Re7 Rd6) 53. Re7 Bd1 54. Ng6 {Intending Re8 and mate.} Bb3 55. Nh4 Kh8 56. Nf5 {Accuracy: White = 77%, Black = 45%.} 1-0

[Event "World Team-ch Open 2019"]
[Site "Astana"]
[Date "2019.03.13"]
[Round "8.14"]
[White "Mamedov, Rauf"]
[Black "Idani, Pouya"]
[Result "1-0"]
[WhiteElo "2701"]
[BlackElo "2604"]
[Annotator "TA"]
[PlyCount "87"]
[EventDate "2019.02.05"]
[EventType "team-tourn"]
[EventCountry "KAZ"]
[SourceTitle "playchess.com"]
[Source "ChessBase"]
[SourceQuality "1"]
[WhiteTeam "Azerbaijan"]
[BlackTeam "Iran"]
[WhiteTeamCountry "AZE"]
[BlackTeamCountry "IRI"]

{[%evp 9,87,12,12,16,18,8,10,8,16,13,14,5,17,12,8,7,31,28,26,20,23,0,8,-18,0,-25,-22,-30,-18,-13,16,0,79,103,143,160,170,106,125,105,164,147,290,283,290,282,287,291,289,219,196,146,145,0,207,198,334,241,235,218,298,280,348,351,329,262,497,477,459,466,800,756,1119,1091,1091,1097,1177,1147,1090,1196]} 1. e4 c5 2. Nc3 d6 3. Bb5+ Bd7 4. Bxd7+ Qxd7 (4... Nxd7 5. f4 g6 6. Nf3 Bg7 7. Qe2 e6 8. Nb5 Qb8 9. Qd3 Ke7 10. O-O a6 11. Nc3 b5 {0-1 (27) Shimanov,A (2620)-Xiong,J (2675) Saint Louis 2018}) 5. d4 cxd4 6. Qxd4 {B23: Closed Sicilian: Lines without g3} Nc6 7. Qd3 g6 8. Nf3 {The position is equal.} Bg7 9. Bg5 Nf6 10. Rd1 O-O 11. O-O h6 $146 ({Predecessor:} 11... Ng4 12. h3 Nge5 13. Nxe5 Nxe5 {½-½ (53) Zelcic,R (2531)-Brunner,N (2426) Germany 2014}) 12. Bc1 Qd8 13. Nd5 Nd7 14. Qa3 Rc8 15. Rfe1 Re8 16. Bd2 Bf8 17. Ne3 e6 18. b4 a5 19. b5 d5 20. Qb3 $36 {[%mdl 2048] White fights for an advantage.} Nc5 (20... a4 $11 21. Qb2 Bg7) 21. Qb1 $16 Nxe4 22. bxc6 bxc6 23. Qc1 (23. Ng4 $18) 23... h5 24. Nf1 Bg7 {[#]} (24... e5 $16) 25. Bh6 $1 $18 {[%cal Rh6g7]} Nc3 (25... Qb6 $16 {was necessary.}) 26. Bxg7 Kxg7 27. Rd3 Qf6 28. Ng5 Rc7 29. Qd2 Nb5 30. Rf3 Qd4 31. Rd3 ({But not} 31. Qxa5 $6 Ra7 $14) (31. Rb3 $16) 31... Qb4 $2 {[#]} (31... Qf6 $1 $11 {and Black stays safe.}) 32. c3 $1 {[%cal Rc3b4]} Qc5 (32... Qe7 $142 33. Rf3 Nd6) 33. Ng3 {Nxh5+! is the strong threat.} h4 34. Nf1 e5 35. Rh3 {[%cal Bd3h3,Bh3h4,Bh4h6,Bh6h7][%mdl 32]} f6 36. Rxh4 fxg5 37. Qxg5 Qd6 $2 (37... Qe7 {was called for.} 38. Qh6+ Kf7) 38. Ng3 {White is clearly winning.} Rf7 39. Rh6 {Strongly threatening Nh5+.} Re6 (39... Rg8 $142 40. c4 (40. Rxe5 Kf8 $16) 40... dxc4) 40. f4 Qc5+ 41. Kh1 e4 42. f5 ({Less strong is} 42. Rxe4 Qxc3 43. Nh5+ Kg8 $14) 42... Qxc3 43. Rf1 Qe5 {[#]} 44. Rh7+ $1 {[%mdl 512] Accuracy: White = 58%, Black = 37%.} 1-0

[Event "World Team-ch Open 2019"]
[Site "Astana"]
[Date "2019.03.13"]
[Round "8.15"]
[White "Tabatabaei, M.amin"]
[Black "Guseinov, Gadir"]
[Result "1/2-1/2"]
[WhiteElo "2600"]
[BlackElo "2664"]
[Annotator "TA"]
[PlyCount "85"]
[EventDate "2019.02.05"]
[EventType "team-tourn"]
[EventCountry "KAZ"]
[SourceTitle "playchess.com"]
[Source "ChessBase"]
[SourceQuality "1"]
[WhiteTeam "Iran"]
[BlackTeam "Azerbaijan"]
[WhiteTeamCountry "IRI"]
[BlackTeamCountry "AZE"]

{[%evp 20,85,73,47,62,17,2,0,-13,-16,0,0,0,0,0,-20,-19,-19,0,0,0,0,0,0,0,0,18,35,31,0,0,0,0,0,0,0,0,0,0,0,0,0,0,-3,-4,-28,0,0,0,0,0,0,0,0,0,0,0,0,0,0,0,0,0,0,0,0,0,0]} 1. d4 Nf6 2. c4 g6 3. Nc3 Bg7 4. e4 d6 5. Nf3 O-O 6. Be2 c6 7. O-O e5 8. d5 Na6 9. Be3 Ng4 10. Bg5 f6 11. Bd2 f5 {E94: King's Indian: Classical: 6 Be2 e5 7 0-0: Various Black 7th moves} (11... c5 12. a3 Nh6 13. Rb1 Bd7 14. b4 b6 15. Bd3 Nf7 16. Qc2 Qe7 17. Rfe1 Bh6 18. Bxh6 Nxh6 19. Qc1 {0-1 (49) Smirnov,A (2452)-Chigaev,M (2593) Cheliabinsk 2018}) 12. Ne1 Nf6 13. f3 fxe4 14. fxe4 Nc5 15. Qc2 cxd5 16. cxd5 Bd7 $146 ({Predecessor:} 16... Bg4 17. Nf3 Rc8 18. Qb1 a5 19. Be3 {1-0 (40) Lukacs,P (2460)-Thorsteins,K (2480) Borsodtavho 1991}) 17. Rc1 Rc8 {[#] aiming for ...Ncxe4!} 18. Qb1 Qb6 19. Kh1 Na4 20. Nxa4 Bxa4 21. Nf3 $1 Rxc1 22. Rxc1 Bb5 23. Bxb5 Qxb5 24. Qc2 Qe2 25. Re1 Qf2 26. Qc4 Ng4 27. Rf1 Qb6 28. h3 Ne3 29. Bxe3 $1 Qxe3 30. Qc2 Bh6 31. Re1 Qb6 32. Kh2 Bf4+ 33. g3 {The position is equal.} Bd2 34. Rf1 Qe3 35. Kg2 Bb4 {[#] White must now prevent ...Bc5.} 36. Nh2 $1 Rxf1 37. Nxf1 Qe1 38. Qc8+ Kg7 39. Qd7+ Kh6 40. Qg4 Kg7 {Strongly threatening ...Bc5.} 41. Qd7+ Kh6 {( -> ...Qe2+)} 42. Qg4 Kg7 {...Bc5 is the strong threat.} 43. Qd7+ {Accuracy: White = 80%, Black = 72%.} 1/2-1/2

[Event "World Team-ch Open 2019"]
[Site "Astana"]
[Date "2019.03.13"]
[Round "8.16"]
[White "Abasov, Nijat"]
[Black "Firouzja, Alireza"]
[Result "1/2-1/2"]
[WhiteElo "2627"]
[BlackElo "2657"]
[Annotator "TA"]
[PlyCount "64"]
[EventDate "2019.02.05"]
[EventType "team-tourn"]
[EventCountry "KAZ"]
[SourceTitle "playchess.com"]
[Source "ChessBase"]
[SourceQuality "1"]
[WhiteTeam "Azerbaijan"]
[BlackTeam "Iran"]
[WhiteTeamCountry "AZE"]
[BlackTeamCountry "IRI"]

{[%evp 17,64,16,27,11,13,8,10,18,37,37,43,0,14,2,39,39,36,37,50,56,59,14,21,23,89,45,48,3,34,0,0,-12,-14,-14,-14,-4,-7,-12,-14,-22,-20,-20,-2,-3,0,0,0,0,0]} 1. d4 Nf6 2. Nf3 g6 3. g3 Bg7 4. Bg2 O-O 5. c4 d5 6. cxd5 Nxd5 7. O-O Nc6 {[%cal Bb8c6,Bc6a5,Ba5b7,Bb7d6][%mdl 32]} 8. Nc3 Nxc3 9. bxc3 e5 {[%cal Re5d4]} 10. d5 {D74: Fianchetto Grünfeld: Main Line (5 Nf3 0-0 6 cxd5 Nxd5 7 0-0)} Na5 11. Nd2 f5 $146 ({Predecessor:} 11... Re8 12. Rb1 c6 13. dxc6 Nxc6 14. Qa4 Qc7 15. Ne4 Bf5 16. Rxb7 Qxb7 17. Nd6 Qc7 18. Qxc6 Qxc6 19. Bxc6 {1-0 (47) Vachier Lagrave,M (2745)-Salem,A (2564) Caleta 2014}) 12. Ba3 Re8 13. e4 b6 14. Qe2 Nb7 15. c4 $36 {[%mdl 2048] White has good play.} Nd6 16. c5 bxc5 17. Bxc5 a5 18. Rfc1 Bh6 19. a4 Ba6 20. Qe1 Rb8 (20... Nxe4 $11 21. Bxe4 fxe4) 21. exf5 gxf5 22. Rcb1 Rxb1 23. Nxb1 e4 {The position is equal.} 24. Qxa5 Qf6 25. Qc3 $1 {[%cal Rc3f6]} Bg7 26. Qxf6 Bxf6 27. Ra2 $1 Bc4 28. Rd2 Ra8 29. Na3 Bd3 30. Bf1 Bxf1 ({Don't play} 30... Rxa4 31. Bxd3 exd3 32. Bxd6 $16) 31. Kxf1 Rxa4 {[#] Hoping for ...Nb7.} 32. Rc2 Nb7 {Accuracy: White = 43%, Black = 52%.} 1/2-1/2

[Event "World Team-ch Open 2019"]
[Site "Astana"]
[Date "2019.03.13"]
[Round "8.17"]
[White "Amin, Bassem"]
[Black "Jumabayev, Rinat"]
[Result "1-0"]
[WhiteElo "2709"]
[BlackElo "2609"]
[Annotator "TA"]
[PlyCount "126"]
[EventDate "2019.02.05"]
[EventType "team-tourn"]
[EventCountry "KAZ"]
[SourceTitle "playchess.com"]
[Source "ChessBase"]
[SourceQuality "1"]
[WhiteTeam "Egypt"]
[BlackTeam "Kazakhstan"]
[WhiteTeamCountry "EGY"]
[BlackTeamCountry "KAZ"]

{[%evp 13,126,0,0,0,11,-6,0,0,0,0,0,0,30,0,12,0,0,-25,36,35,91,95,104,94,100,97,95,85,89,89,141,139,143,142,140,118,128,131,139,132,141,109,132,130,187,154,188,132,138,145,151,131,175,120,117,94,126,112,96,0,0,-21,-21,-21,-21,-21,0,0,0,0,0,0,0,0,110,0,20,57,101,102,102,101,108,101,101,82,152,151,148,110,138,139,170,150,211,206,190,203,262,261,249,249,238,237,248,240,349,188,568,563,29966,29966,12831,10350,1620]} 1. Nf3 d5 2. g3 g6 3. Bg2 Bg7 4. O-O e5 5. d3 Ne7 6. e4 Nbc6 7. exd5 Nxd5 8. Nc3 {C44: Ponziani Opening and Scotch Gambit} Nde7 (8... Nxc3 9. bxc3 O-O 10. Re1 h6 11. Rb1 Rb8 12. c4 b6 13. Rb5 Bb7 14. Bb2 Re8 15. Nxe5 Nxe5 16. Bxe5 {0-1 (39) Zvjaginsev,V (2642)-Van Foreest,J (2614) St Petersburg 2018}) 9. Rb1 a5 10. b3 {The position is equal.} O-O 11. Re1 Re8 12. Bb2 Bf5 $146 ({Predecessor:} 12... Nf5 13. Nb5 a4 14. Nc3 axb3 15. axb3 Ncd4 16. Nxd4 Nxd4 {½-½ (36) Ilzig,G-Jamka Pietron,B (1972) ICCF email 2016}) 13. a3 Nc8 14. Ne4 Nd6 15. Nc5 Qc8 (15... e4 $11 16. Nxe4 Nxe4 17. dxe4 Bxe4 18. Bxg7 Kxg7) 16. Qd2 $14 b6 (16... Bh3 $14) 17. Nh4 $16 Bd7 18. Nxd7 Qxd7 19. Qc3 Nd4 20. Bxa8 Rxa8 21. Qd2 $1 c5 ({Black should try} 21... N6f5 22. Bxd4 Nxh4) 22. Qd1 Re8 23. c3 Nc6 24. Ng2 Rd8 25. Ne3 Qe6 26. Qc2 h5 27. Nc4 Nxc4 28. bxc4 Rd6 (28... Qf5 $16 {is a better defense.}) 29. Bc1 $18 Ne7 30. d4 (30. f4 $18) 30... cxd4 $16 31. cxd4 Rxd4 32. c5 Rc4 33. Qd3 (33. Qb2 $18 bxc5 34. Qb8+ Kh7 35. Qe8) 33... Rxc5 34. Qd8+ {[%mdl 64] Double Attack} Kh7 35. Rxb6 Nc6 36. Qd3 (36. Qd1 $1 $16) 36... e4 $1 $11 {[%cal Re4d3]} 37. Qa6 {Threatens to win with Be3.} Bd4 {aiming for ...Bxf2+!} 38. Be3 Bxe3 39. Rxe3 Qd5 40. Rb1 Nd4 41. Qb7 {Qxd5 is the strong threat.} Rc6 42. h4 Kg7 43. a4 Qc4 (43... Kh7 $11) 44. Qb2 (44. Qe7 $1 $16 Re6 45. Qa3) 44... Kh7 45. Rd1 Nf5 46. Re2 $1 e3 {next ...Qg4 is good for Black.} 47. Rd8 $40 {[%csl Gb2][%cal Rd8h8][%mdl 128] White goes for the king.} ({Wrong is} 47. fxe3 $2 Qg4 $19) 47... Qc1+ 48. Kg2 {[%csl Gb2][%cal Rd8h8]} Qxb2 49. Rxb2 $16 {[%mdl 4096] Endgame KRR-KRN} Rc4 ({Black should play} 49... exf2 50. Kxf2 (50. Rxf2 Rc4 $16) 50... Rf6) 50. Ra2 Re4 {Hoping for ...e2.} 51. Rd1 Rg4 52. Rd5 $1 Nxh4+ 53. Kf1 $1 Nf5 (53... Nf3 $16) 54. Rxa5 $18 exf2 55. Kxf2 Nxg3 56. Ra7 Ne4+ {[#]} 57. Ke3 $1 {[%mdl 1024] White has strong compensation.} Nc3 {[#]} 58. Ra1 $1 Kg7 59. a5 h4 (59... Nd5+ $142 60. Ke2 Re4+ 61. Kd3 Rf4) 60. a6 (60. Rb7 $142 {And now a6 would win.} h3 61. Kf3) 60... h3 $2 (60... Rg3+ 61. Kf2 Ne4+ 62. Ke2 h3) 61. Kf3 Rg5 {[#]} 62. Rxf7+ $1 {[%mdl 576] Clearance, Promotion} Kxf7 63. a7 Rf5+ {Accuracy: White = 72%, Black = 38%.} 1-0

[Event "World Team-ch Open 2019"]
[Site "Astana"]
[Date "2019.03.13"]
[Round "8.18"]
[White "Ismagambetov, Anuar"]
[Black "Adly, Ahmed"]
[Result "1/2-1/2"]
[WhiteElo "2545"]
[BlackElo "2611"]
[Annotator "TA"]
[PlyCount "109"]
[EventDate "2019.02.05"]
[EventType "team-tourn"]
[EventCountry "KAZ"]
[SourceTitle "playchess.com"]
[Source "ChessBase"]
[SourceQuality "1"]
[WhiteTeam "Kazakhstan"]
[BlackTeam "Egypt"]
[WhiteTeamCountry "KAZ"]
[BlackTeamCountry "EGY"]

{[%evp 9,109,30,56,57,75,64,70,58,68,54,45,12,34,18,14,13,8,8,12,2,6,0,6,10,10,16,21,4,14,3,19,0,33,33,45,39,69,68,49,20,37,20,19,29,15,16,50,46,49,46,56,58,118,71,68,79,66,75,139,133,133,124,126,112,114,112,120,79,75,77,79,79,77,86,126,101,101,41,86,41,41,41,41,41,41,41,41,41,41,0,0,0,0,0,0,-8,8,8,8,8,8,8]} 1. e4 b6 2. d4 Bb7 3. Nc3 e6 4. Bd3 Nf6 5. Nh3 (5. a3 c5 6. Nf3 cxd4 7. Nxd4 Nc6 8. Nxc6 Bxc6 9. Bf4 d6 10. Qe2 Be7 11. O-O-O Nd7 12. Bb5 Qc7 13. Qc4 Rc8 {1-0 (50) Hou,Y (2663)-Ghaem Maghami,E (2551) Almaty 2016}) 5... c5 6. d5 {B00: Queen's Fianchetto Defence, Nimzowitsch Defence} exd5 $146 ({Predecessor:} 6... a6 7. O-O Qc7 8. Qe2 Bd6 9. f4 e5 10. a4 h6 11. Nd1 exf4 12. Bxf4 Bxf4 13. Nxf4 {0-1 (68) Torok,S (2271)-Krizsany,L (2439) Hungary 2015}) 7. exd5 d6 8. O-O {White is slightly better.} Be7 9. Re1 O-O 10. Bf4 Nbd7 11. Nb5 (11. Ng5 {feels hotter.} Ne5 12. a4 h6 13. Nf3 Nxd3 14. Qxd3 Nh5 15. Bd2) 11... Bxd5 12. Nxd6 Bxd6 13. Bxd6 Re8 14. Rxe8+ Qxe8 15. Qe2 Qxe2 16. Bxe2 Bc6 17. f3 Re8 18. Bf1 h6 19. Bg3 Nd5 20. c3 b5 21. Nf4 {Black must now prevent Nxd5.} N5b6 22. Rd1 c4 23. Rd6 Rc8 24. Ne2 Nc5 25. Rd2 Nba4 26. Nd4 Bd7 27. Bf2 a5 28. g4 f6 29. h4 h5 30. gxh5 Kh7 (30... Nd3 $14) 31. Be3 Re8 32. Kf2 Re5 33. h6 g5 ({Better is} 33... gxh6 34. b4 axb4 35. cxb4 Na6) 34. hxg5 $16 fxg5 35. b4 axb4 36. cxb4 Nd3+ 37. Bxd3+ cxd3 38. Rxd3 Rd5 39. Rd2 Kxh6 40. Nf5+ Rxf5 41. Rxd7 {[%mdl 4096] Endgame KRB-KRN} Nc3 42. Kg3 Kh5 43. Rh7+ Kg6 44. Rc7 (44. Ra7 {is interesting.} Kh5 45. Ra8 Rd5 46. Rh8+ Kg6 47. Rg8+) 44... Nd5 45. Rc6+ Rf6 46. Rxf6+ Kxf6 $14 {KB-KN} 47. Bd2 Kf5 48. Be1 Nf4 49. Kf2 Nd3+ {The position is equal.} 50. Ke2 Nc1+ 51. Ke3 {[#] And now a3 would win.} Nxa2 52. Bd2 g4 53. fxg4+ Kxg4 54. Kd4 Nxb4 55. Bxb4 {Accuracy: White = 58%, Black = 65%.} 1/2-1/2